200 Greatest Footballers of All Time - Statistics

General Stats
  • This quiz has been taken 572 times
  • The average score is 83 of 200
Answer Stats
Position(s) Nation Main Team Answer % Correct
3 FW Portugal Real Madrid Cristiano Ronaldo
99%
1 FW/AM Argentina Barcelona Lionel Messi
99%
7 ST, Brazil, Real Madrid Brazil Real Madrid Ronaldo
99%
4 AM Argentina Napoli Diego Maradona
98%
2 FW/AM Brazil Santos Pelé
98%
5 FW/AM Netherlands Ajax Johan Cruyff
92%
13 ST Germany Bayern Munich Gerd Müller
90%
142 FW/AM Germany Bayern Munich Thomas Müller
90%
11 AM France Real Madrid Zinedine Zidane
90%
14 LB/CB Italy AC Milan Paolo Maldini
89%
19 AM/W Brazil Barcelona Ronaldinho
89%
9 FW/AM Hungary/Spain Real Madrid Ferenc Puskás
87%
8 DF, Germany, Bayern Munich Germany Bayern Munich Franz Beckenbauer
85%
12 ST Portugal Benfica Eusébio
83%
46 MF/IF Spain Inter Milan Luis Suárez
83%
65 FW Uruguay Barcelona Luis Suárez
83%
31 MF Spain Barcelona Andrés Iniesta
81%
17 ST Netherlands AC Milan Marco Van Basten
81%
30 MF Spain Barcelona Xavi
81%
33 GK Italy Juventus Gianluigi Buffon
80%
15 GK USSR Dynamo Moscow Lev Yashin
80%
61 FW/AM/W Brazil Santos Neymar
80%
98 ST Sweden PSG Zlatan Ibrahimovic
80%
6 FW/AM Argentina/Spain/Colombia Real Madrid Alfredo Di Stéfano
78%
42 MF Croatia Real Madrid Luka Modrić
78%
10 AM France Juventus Michel Platini
78%
145 GK Germany Bayern Munich Oliver Kahn
78%
53 FW France Arsenal Thierry Henry
78%
26 W/AM Northern Ireland Manchester United George Best
77%
127 FW England Manchester United Wayne Rooney
77%
118 LB/RB Germany Bayern Munich Philipp Lahm
76%
155 ST Italy Cagliari Gigi Riva
74%
20 MF/FW England Manchester United Sir Bobby Charlton
74%
162 RW/FW Wales Real Madrid Gareth Bale
73%
69 GK Germany Bayern Munich Manuel Neuer
73%
66 ST Poland Bayern Munich Robert Lewandowski
73%
74 LB Brazil Real Madrid Roberto Carlos
72%
85 FW France PSG Kylian Mbappé
70%
67 FW/AM Brazil Barcelona Rivaldo
70%
101 CB Spain Real Madrid Sergio Ramos
69%
148 MF England Liverpool Steven Gerrard
69%
16 RW Brazil Botafogo Garrincha
68%
68 GK Spain Real Madrid Iker Casillas
68%
125 AM Brazil AC Milan Kaká
68%
149 MF England Chelsea Frank Lampard
67%
105 MF Germany Real Madrid Toni Kroos
67%
119 ST France Real Madrid Karim Benzema
66%
151 MF Wales Manchester United Ryan Giggs
66%
156 MF England Manchester United Paul Scholes
65%
51 FW/MF/DF Netherlands AC Milan Ruud Gullit
65%
130 ST Cameroon Barcelona Samuel Eto'o
64%
168 ST Ukraine AC Milan Andriy Shevchenko
63%
152 MF England Manchester United David Beckham
63%
163 ST Norway Borussia Dortmund Erling Haaland
63%
88 W Portugal Barcelona Luis Figo
63%
18 AM Brazil Flamengo Zico
63%
153 FW Italy Juventus Alessandro Del Piero
62%
24 DF Italy AC Milan Franco Baresi
62%
137 MF Belgium Manchester City Kevin De Bruyne
62%
132 RW/FW Egypt Liverpool Mohammed Salah
62%
34 DF England West Ham Bobby Moore
61%
49 RB Brazil Sao Paulo Cafu
61%
104 CB Spain Barcelona Carles Puyol
61%
126 ST England Tottenham Harry Kane
61%
160 ST Argentina Manchester City Sergio Agüero
61%
103 CB Italy AC Milan Alessandro Nesta
60%
123 DM Spain Barcelona Sergio Busquets
60%
154 W Netherlands Bayern Munich Arjen Robben
59%
150 MF Czech Republic Juventus Pavel Nedvěd
59%
25 ST Brazil Vasco da Gama Romário
59%
73 MF Italy AC Milan Andrea Pirlo
58%
131 ST England Newcastle United Alan Shearer
57%
106 CB Italy Parma Fabio Cannavaro
57%
159 GK Denmark Manchester United Peter Schmeichel
57%
180 GK Czech Republic Chelsea Petr Čech
57%
146 RB Brazil Barcelona Dani Alves
56%
121 FW Netherlands Arsenal Dennis Bergkamp
56%
116 FW Mexico Real Madrid Hugo Sánchez
55%
124 FW Bulgaria Barcelona Hristo Stoichkov
54%
184 MF Ireland Manchester United Roy Keane
54%
178 FW Spain Real Madrid Raúl
53%
171 ST Netherlands Manchester United Ruud Van Nistelrooy
53%
181 GK Belgium Real Madrid Thibaut Courtois
53%
129 ST Liberia AC MIlan George Weah
52%
32 MF/SW Germany Bayern Munich Lothar Matthäus
52%
112 MF Brazil Fluminense Socrates
52%
135 FW/AM France Atletico Madrid Antoine Griezmann
51%
161 RWB/RB/RW Argentina Inter Milan Javier Zanetti
51%
44 FW/AM Italy Juventus Roberto Baggio
50%
186 W/AM Argentina PSG Ángel Di María
49%
136 FW France Manchester United Eric Cantona
49%
157 MF France Arsenal Patrick Vieira
49%
120 FW Scotland Liverpool Sir Kenny Dalglish
49%
80 ST Argentina Fiorentina Gabriel Batistuta
47%
169 AM Romania Galatasaray Gheorghe Hagi
47%
55 AM Denmark Barcelona Michael Laudrup
47%
81 CM/CB Netherlands Ajax Frank Rijkaard
44%
140 DF/MF Netherlands Barcelona Ronald Koeman
44%
174 ST Spain Valencia David Villa
42%
107 FW Hungary Ferencvaros Flórián Albert
41%
139 W/ST Brazil Botafogo Jairzinho
41%
84 FW Germany Bayern Munich Karl-Heinz Rummenigge
41%
175 CB/RB France Parma Lilian Thuram
40%
62 RB/CB Brazil Santos Carlos Alberto
39%
52 GK Italy Juventus Dino Zoff
39%
29 OR England Blackpool Sir Stanley Matthews
39%
172 ST Italy Juventus Paolo Rossi
38%
21 FW Italy Inter Milan Giuseppe Meazza
37%
167 ST England Leicester City Gary Lineker
36%
134 CF Scotland Manchester United Denis Law
34%
89 FW England Liverpool Kevin Keegan
33%
96 GK England Leicester City Gordon Banks
32%
173 ST France Marseille Jean-Pierre Papin
32%
75 ST/AM Argentina Valencia Mario Kempes
30%
90 ST France Reims Just Fontaine
29%
54 FW France Reims Raymond Kopa
29%
179 ST Spain Real Madrid Emilio Butragueño
27%
48 MF/IF Brazil Fluminense Didi
26%
93 MF Netherlands Barcelona Johan Neeskens
26%
94 AM Brazil Fluminense Rivellino
26%
47 FW/AM Italy AC Milan Gianni Rivera
25%
82 RB Brazil Palmeiras Djalma Santos
24%
133 OL Spain Real Madrid Paco Gento
24%
78 LB Brazil Botafogo Nilton Santos
23%
70 CB/SW Argentina River Plate Daniel Passarella
22%
60 ST Hungary Honved Sandor Kocsis
22%
143 GK Germany Bayern Munich Sepp Maier
22%
86 ST Germany Hamburg Uwe Seeler
22%
83 ST England Tottenham Jimmy Greaves
21%
38 ST Sweden AC Milan Gunnar Nordahl
20%
115 MF Brazil Internacional Falcão
19%
79 FW Austria/Czechoslovakia Slavia Praha Josef Bican
19%
100 MF Czechoslovakia Dukla Prague Josef Masopust
19%
76 LB/MF Germany Bayern Munich Paul Breitner
19%
190 CB England Wolverhampton Billy Wright
18%
72 DF Italy Juventus Gaetano Scirea
18%
50 CF/CB Wales Leeds United John Charles
18%
102 FW Argentina/Italy Juventus Omar Sivori
18%
200 FW Cameroon Leopard Douala Roger Milla
18%
87 FW/AM Italy Inter Milan Sandro Mazzola
18%
45 FW/AM Italy Torino Valentino Mazzola
18%
141 CF England Everton Dixie Dean
17%
97 FW USSR Dynamo Kyiv Oleg Blokhin
17%
43 AM/IF Germany Kaiserslautern Fritz Walter
16%
77 LB Italy Inter Milan Giancinto Facchetti
16%
57 ST Hungary/Spain/Czechoslovakia Barcelona László Kubala
16%
63 LB/SW Netherlands Ajax Ruud Krol
16%
188 MF Germany Borussia Monchengladbach Günter Netzer
15%
144 GK Spain Real Madrid Ricardo Zamora
15%
189 MF/FW/SW Poland Widzew Lodz Zbigniew Boniek
15%
183 AM/FW Uruguay River Plate Enzo Francescoli
14%
108 AM Peru Alianza Lima Teófilo Cubillas
14%
191 ST Chile Real Madrid Iván Zamorano
13%
23 DM Uruguay Nacional José Leandro Andrade
13%
36 CF Brazil Sao Paulo Leônidas
13%
176 CM France Bordeaux Jean Tigana
12%
27 CF Uruguay Peñarol Juan Alberto Schiaffino
12%
39 CF Austria Austria Wien Matthias Sindelar
12%
95 FW/AM Brazil Cruzeiro Tostão
11%
22 FW Argentina River Plate José Manuel Moreno
11%
28 AM Brazil Flamengo Zizinho
11%
71 SW/CB Chile Internacional Elias Figueroa
10%
158 MF Brazil Botafogo Gérson
10%
58 AM/FW Hungary MTK Hungaria Nándor Hidegkuti
10%
198 ST Austria Rapid Wien Hans Krankl
9%
122 AM Sweden AC Milan Nils Liedholm
9%
182 LW/FW Netherlands Anderlecht Rob Rensenbrink
9%
117 ST Italy Lazio Silvio Piola
9%
91 W/FW England Preston North End Sir Tom Finney
9%
111 LW Yugoslavia Red Star Belgrade Dragan Džajic
8%
199 FW Spain Athletic Bilbao Telmo Zarra
8%
64 DM Uruguay Peñarol Obdulio Varela
7%
110 ST Brazil Vasco da Gama Ademir
6%
41 ST Brazil Paulistano Arthur Friedenreich
6%
187 AM/W/FW Yugoslavia Buducnost Dejan Savićević
6%
59 CM Hungary Honved József Bozsik
6%
193 LW Hungary Honved Zoltán Czibor
6%
37 SS Hungary Ferencvaros György Sarosi
5%
40 IF Uruguay Nacional Hector Scarone
5%
35 CB Uruguay Bella Vista José Nasazzi
5%
147 W Sweden Fiorentina Kurt Hamrin
5%
177 CB/DM France Marseille Marcel Desaily
5%
113 MF Portugal Benfica Mario Coluna
5%
109 FW/W Argentina/Italy Independiente Raimundo Orsi
5%
56 IF Argentina River Plate Adolfo Pedernera
4%
138 CB Brazil Botafogo Domingos da Guia
4%
185 AM/FW Sweden AC Milan Gunnar Gren
4%
165 MF Argentina/Italy Juventus Luis Monti
4%
192 FW Belgium Anderlecht Paul Van Himst
4%
128 FW Argentina River Plate Ángel Labruna
3%
164 ST Paraguay Independiente Arsenio Erico
3%
114 MF Austria Austria Wien Ernst Ocwirk
3%
196 ST Hungary Szentlőrinci AC Ferenc Deák
3%
99 ST Brazil Botafogo Heleno de Freitas
1%
195 FW Hungary Ferencvaros Imre Schlosser
1%
197 FW Spain San Lorenzo Isidro Lángara
1%
170 ST Argentina Independiente Manuel Seoane
1%
92 ST Uruguay Nacional Pedro Petrone
1%
194 FW England Derby County Steve Bloomer
1%
166 CF England Everton Tommy Lawton
1%
No matching quizzes found
Score Distribution
Percent of People with Each Score
Percentile by Number Answered
Your Score History
You have not taken this quiz